| 000 | 01973cam a2200409 i 4500 | ||
|---|---|---|---|
| 001 | 17557440 | ||
| 003 | JO-AjAnu | ||
| 005 | 20240805111513.0 | ||
| 008 | 121210s2013 flua b 001 0 eng | ||
| 010 | _a 2012043359 | ||
| 020 | _a9781439887721 (Hardback : acidfree paper) | ||
| 040 |
_aDLC _beng _cDLC _erda _dDLC _dJO-AjAnu |
||
| 042 | _apcc | ||
| 050 | 0 | 0 |
_aRM216 _b.F677 2013 |
| 082 | 0 | 0 |
_a615.8/54 _223 |
| 084 |
_aMED004000 _aMED045000 _aMED060000 _2bisacsh |
||
| 130 | 0 | _aFood and nutrients in disease management. | |
| 245 | 1 | 0 |
_aAdvancing medicine with food and nutrients / _cedited by Ingrid Kohlstadt. |
| 250 | _aSecond edition. | ||
| 264 | 1 |
_aBoca Raton : _bCRC Press, Taylor & Francis Group, _c[2013] |
|
| 300 |
_axxii, 888 pages : _billustrations ; _c26 cm |
||
| 336 |
_atext _2rdacontent |
||
| 337 |
_aunmediated _2rdamedia |
||
| 338 |
_avolume _2rdacarrier |
||
| 504 | _aIncludes bibliographical references and index. | ||
| 520 |
_a"This book features chapters leading physicians in disease management applying the latest scientific advances linking nutrition to the clinical practice of medicine. Each chapter offers adjuncts to standard care, fewer side-effects, improved risk-reduction or added quality of life"-- _cProvided by publisher. |
||
| 650 | 0 | _aDiet therapy. | |
| 650 | 7 |
_aMEDICAL / Alternative Medicine. _2bisacsh |
|
| 650 | 7 |
_aMEDICAL / Internal Medicine. _2bisacsh |
|
| 650 | 7 |
_aMEDICAL / Nutrition. _2bisacsh |
|
| 700 | 1 |
_aKohlstadt, Ingrid, _eeditor of compilation. |
|
| 775 | 0 | 8 |
_iRevision of: _tFood and nutrients in disease management _dBoca Raton : CRC Press, c2009 _w(DLC) 2008035787 |
| 856 | 4 | 2 |
_3Cover image _uhttp://jacketsearch.tandf.co.uk/common/jackets/covers/websmall/978143988/9781439887721.jpg |
| 906 |
_a7 _bcbc _corignew _d1 _eecip _f20 _gy-gencatlg |
||
| 942 |
_2lcc _cBK _n0 |
||
| 999 |
_c33613 _d33613 |
||